000 00302nam a22001217a 4500
040 _cSK
082 _a280
100 _aENG LENG; អេង លេង
245 _aStatistique de lexploitation; ស្ថិតិអាជីវកម្ម
260 _aRUA
_bENG
_c2000
300 _a81p.
942 _cKB
999 _c9042
_d9042